A+ Core Module study guide (Record no. 8479)

000 -LEADER
fixed length control field 00649 a2200193 4500
020 ## - INTERNATIONAL STANDARD BOOK NUMBER
International Standard Book Number 0782121810
040 ## - CATALOGING SOURCE
Original cataloging agency DLC
Language of cataloging DLC
082 00 - DEWEY DECIMAL CLASSIFICATION NUMBER
Classification number 621.39/16/076
100 1# - MAIN ENTRY--PERSONAL NAME
Personal name Groth, David.
245 10 - TITLE STATEMENT
Title A+ Core Module study guide
Statement of responsibility, etc. David Groth.
250 ## - EDITION STATEMENT
Edition statement 1st ed.
260 ## - PUBLICATION, DISTRIBUTION, ETC.
Place of publication, distribution, etc. San Francisco, CA :
Name of publisher, distributor, etc. Sybex, Inc.,
Date of publication, distribution, etc. c1998.
300 ## - PHYSICAL DESCRIPTION
Extent xxxi, 815 p. :
Other physical details ill. ;
Dimensions 24 cm.
500 ## - GENERAL NOTE
General note Includes index.
610 20 - SUBJECT ADDED ENTRY--CORPORATE NAME
Corporate name or jurisdiction name as entry element Computing Technology Industry Association
General subdivision Examinations
-- Study guides.
650 #0 - SUBJECT ADDED ENTRY--TOPICAL TERM
Topical term or geographic name entry element Computer technicians
General subdivision Certification.
650 #0 - SUBJECT ADDED ENTRY--TOPICAL TERM
Topical term or geographic name entry element Microcomputers
General subdivision Maintenance and repair
-- Examinations
-- Study guides.
942 ## - ADDED ENTRY ELEMENTS (KOHA)
Koha item type Book
Call number prefix 621.3916076 GRO
Source of classification or shelving scheme
Holdings
Withdrawn status Lost status Damaged status Not for loan Collection code Permanent Location Current Location Shelving location Date acquired Total Checkouts Full call number Barcode Date last seen Price effective from Koha item type
          Central Library (CL) Central Library (CL) General Stacks 12/08/2000   621.3916076 GRO SEECS000671 11/14/2012 01/05/2017 Book
© 2023 Central Library, National University of Sciences and Technology. All Rights Reserved.